| 000 | 00449nam a2200181Ia 4500 | ||
|---|---|---|---|
| 001 | 25043 | ||
| 005 | 20260414151123.0 | ||
| 008 | 260414t2014||||xx |||||||||||||| ||spa|| | ||
| 041 | _aESP | ||
| 082 |
_a346.13 _bG14 |
||
| 100 |
_aGálvez Aliaga, Iván Leonardo _eAUT |
||
| 245 | 0 |
_aManual de derecho registral y notarial _b |
|
| 260 | _c2014 | ||
| 300 |
_a421 páginas : _c24 cm. |
||
| 650 | _aDER | ||
| 654 | _aCDE | ||
| 942 |
_cLIB _dJUS _fJUS _2ddc _n |
||
| 999 |
_c25043 _d25043 |
||